01002 a2200205 4500003000500000005001700005010001700022020002800039040000900067082001200076100002000088245009100108260003600199300003400235440005800269505037100327650006300698651001100761700002400772Nust20170207154029.0 a 2003041476 a1580533523 (alk. paper) cNust00a621.3821 aPrasad, Ramjee.10aTechnology trends in wireless communications-(E-BOOK)cRamjee Prasad, Marina Ruggieri. aBoston :bArtech House,cc2003. axvi, 310 p. :bill. ;c24 cm. 0aArtech House universal personal communications series a Acknowledgments (Page-xvii), Introduction (Page-1), Multiple Access Protocols (Page-27), IP Network Issues (Page-81), TCP over Wireless Links (Page-135), Adaptive Technologies (Page-163), Radio Resource Management for Wireless Multimedia Communications (Page-195), Real-Time Services (Page-219), Personal Area Networks (Page-249), Future Vision (Page-269). 0aTelecommunication engineering.cTechnological innovations. aE-BOOK1 aRuggieri, M.d1961-